000 00601nam a2200193Ia 4500
003 IN-BaIIA
008 211028s9999 xx 000 0 eng d
020 _a0-677-15320-1
040 _cIIA Library
080 _a524.83
_bCAR
245 0 _aCargese lectures in physics
_bvol. 6
_cedited by Evry Schatzman
260 _aNew York
_bGordon and Breach Science
_c1973
300 _avii, 731p.
650 _aAstronomy and astrophysics thesaurus
650 _aCosmology
650 _aRelativistic cosmology
_96459
700 _aSchatzman, Evry., ed.
_99512
942 _cBK
999 _c5476
_d5476